Gamer theory
Αποθηκεύτηκε σε:
| Κύριος συγγραφέας: | |
|---|---|
| Μορφή: | Βιβλίο |
| Γλώσσα: | English |
| Δημοσίευση: |
Cambridge :
Harvard University Press,
2007
|
| Θέματα: | |
| Ετικέτες: |
Προσθήκη ετικέτας
Δεν υπάρχουν, Καταχωρήστε ετικέτα πρώτοι!
|
MARC
| LEADER | 00000nam a2200000 i 4500 | ||
|---|---|---|---|
| 001 | 1/93367 | ||
| 008 | 080905s2007 eng d | ||
| 020 | |a 978-0-674-02519-6 | ||
| 035 | |l 10099964 | ||
| 040 | |a GR-MY-UA |b gre |e aacr | ||
| 041 | 0 | |a eng | |
| 082 | 0 | |a 306.487 |2 (22) | |
| 100 | 1 | |a Wark, McKenzie, |d 1961- | |
| 245 | 1 | 0 | |a Gamer theory / |c McKenzie Wark |
| 260 | |a Cambridge : |b Harvard University Press, |c 2007 | ||
| 300 | |a π. 300 σ.; |c 22 εκ. | ||
| 504 | |a Περιέχει ευρετήριο | ||
| 650 | 0 | 0 | |a Computer games |x Social aspects. |
| 852 | |a INST |b LESVOS |e 20080905 |h 306.487 MCK |p 005100042870 |q 005100042870 |t BK |y 0 | ||
| 901 | |a BIBL1-2008-2 | ||
| 909 | |a Λ |b 152380 | ||
| 922 | |a 1ΕΛΗ |b 200803 |c ΕΠΕΑΕΚ2/ΠΤΕ |d ΕΛΕΥΘΕΡΟΥΔΑΚΗΣ | ||
| 970 | |a ΧΑΤΖΗΜΙΧΑΗΛ |b ΜΑΡΙΑ |z 2008/09/05 | ||